| 000 | 01095nam a2200253Ia 4500 | ||
|---|---|---|---|
| 999 |
_c36399 _d36399 |
||
| 001 | 2313 | ||
| 003 | GE_BSU | ||
| 005 | 20190529194804.0 | ||
| 008 | 181216s2009||||ge |||||||||||||| ||geo|| | ||
| 020 | _a9789941409226 | ||
| 040 | _cGE_BSU | ||
| 041 | _ageo | ||
| 080 | _a638.1(035) ჭ-28 | ||
| 100 |
_aჭაღალიძე, ა. _91812 |
||
| 245 |
_bსახელმძღვ. ცნობარი ფერმერთათვის / _aმეფუტკრეობა : _cავტ.: ა. ჭაღალიძე, ზ. მახარაძე ; რედ. ი. ძირკვაძე |
||
| 264 |
_a ბათუმი : _bშოთა რუსთაველის სახელმწ. უნ-ტის გამ-ბა, _c2009. |
||
| 300 |
_a34 გვ.: _bცხრ. ; _c20 სმ. |
||
| 541 | _h2ლ. | ||
| 653 | _aმეფუტკრეობა | ||
| 653 | _aცნობარები | ||
| 700 |
_aმახარაძე, ზ. _eავტორი _91800 |
||
| 700 |
_aძირკვაძე, ი. _eრედაქტორი _91806 |
||
| 942 |
_cBK _2udc |
||